Southville International School and Colleges
Your cart is empty.
  • Cart
  • Lists
    Public lists Eva Luna New books Lux_list list_1
    Your lists Log in to create your own lists
  • Log in to your account
  • Your cookies
  • Search history
Southville International School and Colleges
  • Advanced search
  • Recent comments
  • Most popular
  • Libraries

Log in to your account

Log in with GOOGLE


If you do not have an external account, but do have a local account, you can still log in:

  1. Home
  2. MARC view: Rang and Dale's pharmacology /
Normal view MARC view ISBD view

Rang and Dale's pharmacology / (Record no. 13506)

[ view plain ]
MARC details
000 -LEADER
fixed length control field 00565nam a22001937a 4500
003 - CONTROL NUMBER IDENTIFIER
control field OSt
005 - DATE AND TIME OF LATEST TRANSACTION
control field 20140310182440.0
008 - FIXED-LENGTH DATA ELEMENTS--GENERAL INFORMATION
fixed length control field 130312t xxu||||| |||| 00| 0 eng d
020 ## - INTERNATIONAL STANDARD BOOK NUMBER
International Standard Book Number 9781437719338
050 ## - LIBRARY OF CONGRESS CALL NUMBER
Classification number RM 300
Item number .R196 2012
100 ## - MAIN ENTRY--PERSONAL NAME
Personal name Rang, H.P.
9 (RLIN) 7895
245 ## - TITLE STATEMENT
Title Rang and Dale's pharmacology /
Statement of responsibility, etc H.P. Rang ... [et.al.]
250 ## - EDITION STATEMENT
Edition statement international ed.
260 ## - PUBLICATION, DISTRIBUTION, ETC. (IMPRINT)
Place of publication, distribution, etc Edinburgh, New York :
Name of publisher, distributor, etc Churchill Livingstone,
Date of publication, distribution, etc c2012.
300 ## - PHYSICAL DESCRIPTION
Dimensions 28 cm.
Extent 28 cm.
Other physical details ill. col. ;
650 ## - SUBJECT ADDED ENTRY--TOPICAL TERM
Topical term or geographic name as entry element Pharmacology.
9 (RLIN) 7300
942 ## - ADDED ENTRY ELEMENTS (KOHA)
Source of classification or shelving scheme Library of Congress Classification
Koha item type
Holdings
Withdrawn status Lost status Source of classification or shelving scheme Damaged status Home library Current library Shelving location Date acquired Source of acquisition Total Checkouts Total Renewals Full call number Barcode Date last seen Date checked out Copy number Price effective from Koha item type
    Library of Congress Classification   South SEED-LPDH College Library South SEED-LPDH College Library South SEED-LPDH College Section 03/12/2013 Donation 2 10 RM 300 .R196 2012 SSLC0989 05/15/2018 04/10/2018 1 11/06/2013 Books

Rang and Dale's pharmacology /

APA

Rang H., . (2012). Rang and Dale's pharmacology. Edinburgh, New York: Churchill Livingstone.

Chicago

Rang H.P, . 2012. Rang and Dale's pharmacology. Edinburgh, New York: Churchill Livingstone.

Harvard

Rang H., . (2012). Rang and Dale's pharmacology. Edinburgh, New York: Churchill Livingstone.

MLA

Rang H.P, . Rang and Dale's pharmacology. Edinburgh, New York: Churchill Livingstone. 2012.

  • Place hold
  • Print
  • Cite
  • Add to your cart (remove)
  • Save record
    BIBTEX Dublin Core MARCXML MARC (non-Unicode/MARC-8) MARC (Unicode/UTF-8) MARC (Unicode/UTF-8, Standard) MODS (XML) RIS
  • More searches
    Search for this title in:
    Other Libraries (WorldCat) Other Databases (Google Scholar) Online Stores (Bookfinder.com) Open Library (openlibrary.org)

Exporting to Dublin Core...

SOUTHVILLE LIBRARY

Southville International School and Colleges Library

1281 Tropical Ave. Cor. Luxembourg St., BF Homes International, Las Pinas City

Tel. No. 8256374 / 252358 Loc. 117/146

Powered by Koha